|
|
|
|
| LEADER |
00000naa2a2200000 4500 |
| 001 |
190788 |
| 005 |
20231031180328.0 |
| 035 |
|
|
|a (RuTPU)RU\TPU\book\208002
|
| 035 |
|
|
|a RU\TPU\tpu\4994
|
| 090 |
|
|
|a 190788
|
| 100 |
|
|
|a 20110128d1966 k y0rusy50 ca
|
| 101 |
0 |
|
|a rus
|
| 102 |
|
|
|a RU
|
| 200 |
1 |
|
|a Преобразователь кода в напряжение и вопросы его расчета
|f В. З. Ямпольский, Л. В. Перфильев
|
| 461 |
|
0 |
|0 (RuTPU)RU\TPU\book\186199
|t Автоматизированный электропривод производственных механизмов
|o труды IV Всесоюзной конференции по автоматизированному электроприводу
|o в 3 т.
|f под ред. Б. Б. Воронецкого, И. И. Петрова, М. Г. Чиликина
|d 1965-
|
| 463 |
|
0 |
|0 (RuTPU)RU\TPU\book\207764
|t Т. 3
|v С. 179-183
|d 1966
|p 448 с.
|
| 610 |
1 |
|
|a радиоэлектроника
|
| 610 |
1 |
|
|a труды учёных ТПУ
|
| 610 |
1 |
|
|a преобразователи кода
|
| 700 |
|
1 |
|a Ямпольский
|b В. З.
|c директор института "Кибернетический центр" Томского политехнического университета
|f 1938-
|g Владимир Захарович
|2 stltpush
|3 (RuTPU)RU\TPU\pers\12100
|
| 701 |
|
1 |
|a Перфильев
|b Л. В.
|
| 801 |
|
0 |
|a RU
|b 63413507
|c 20011210
|g PSBO
|
| 801 |
|
2 |
|a RU
|b 63413507
|c 20110128
|g PSBO
|
| 942 |
|
|
|c BK
|